The future of the planet and mankind; Творчество юных - шаг в успешное будущее

Bibliografski detalji
Parent link:Творчество юных - шаг в успешное будущее.— 2014.— [С. 188-189]
Glavni autor: Sulaev V. V.
Autor kompanije: Национальный исследовательский Томский политехнический университет (ТПУ) Институт природных ресурсов (ИПР) Кафедра иностранных языков (ИЯПР)
Daljnji autori: Zaitsev A. A. (научный руководитель), Ostroumova A. Yu. Alina Yurievna
Sažetak:Заглавие с титульного экрана
Jezik:engleski
Izdano: 2014
Serija:Earth's origin, human evolution and environmental issues
Teme:
Online pristup:http://www.lib.tpu.ru/fulltext/c/2014/C66/053.pdf
Format: Elektronički Poglavlje knjige
KOHA link:https://koha.lib.tpu.ru/cgi-bin/koha/opac-detail.pl?biblionumber=606145

MARC

LEADER 00000naa2a2200000 4500
001 606145
005 20231101132404.0
035 |a (RuTPU)RU\TPU\conf\3524 
035 |a RU\TPU\conf\3523 
090 |a 606145 
100 |a 20140520d2014 k y0rusy50 ca 
101 0 |a eng 
102 |a RU 
105 |a y z 101zy 
135 |a drcn ---uucaa 
181 0 |a i  
182 0 |a b 
200 1 |a The future of the planet and mankind  |f V. V. Sulaev, A. A. Zaitsev  |g Sci. adv. A. Yu. Ostroumova 
203 |a Текст  |c электронный 
225 1 |a Earth's origin, human evolution and environmental issues 
230 |a 1 компьютерный файл (pdf; 133 Кб) 
300 |a Заглавие с титульного экрана 
320 |a [Библиогр.: с. 189 (2 назв.)] 
337 |a Adobe Reader 
463 0 |0 (RuTPU)RU\TPU\conf\3308  |t Творчество юных - шаг в успешное будущее  |o материалы VI Межрегиональной студенческой научной геологической конференции имени профессора М.К. Коровина, г. Томск, 25-28 ноября 2013 г.  |f Национальный исследовательский Томский политехнический университет (ТПУ) ; под ред. А. А. Поцелуева  |v [С. 188-189]  |d 2014 
610 1 |a труды учёных ТПУ 
610 1 |a электронный ресурс 
610 1 |a будущее 
610 1 |a планеты 
610 1 |a человечество 
610 1 |a климат 
610 1 |a экологическая ситуация 
700 1 |a Sulaev  |b V. V. 
701 1 |a Zaitsev  |b A. A. 
702 1 |a Ostroumova  |b A. Yu.  |c linguist  |f 1981-  |g Alina Yurievna  |2 stltpush  |4 727 
712 0 2 |a Национальный исследовательский Томский политехнический университет (ТПУ)  |b Институт природных ресурсов (ИПР)  |b Кафедра иностранных языков (ИЯПР)  |h 6735  |2 stltpush  |3 (RuTPU)RU\TPU\col\18662 
801 2 |a RU  |b 63413507  |c 20140520  |g RCR 
856 4 |u http://www.lib.tpu.ru/fulltext/c/2014/C66/053.pdf 
942 |c BK